Films célèbres - Statistiques

Statistiques générales
  • Ce quiz a été pris 102 fois
  • Le résultat moyen est 6 sur 15
Statistiques - réponses
Par images Réponse % Correct
La haine
83%
Inception
82%
Creed
79%
Pulp fiction
51%
Sinners
45%
Seven
44%
Hunger games
42%
Le tombeau des lucioles
42%
Le silence des agneaux
38%
Avant toi
27%
Heat
26%
Marche ou crève
19%
Harriet
4%
Nuremberg
4%
Le plus beau des combats
2%
Aucun quiz correspondant
Distribution des résultats
% des personnes avec chaque résultat
Percentile par nombre de réponses
Votre historique - résultats
Vous n’avez pas pris ce quiz